| 000 | 00947cam a2200277 4500 | ||
|---|---|---|---|
| 008 | 090401t1998 xxu||||| |||| 00| 0 eng d | ||
| 020 | _a0728202999 | ||
| 035 | _a(Sirsi) u84918 | ||
| 041 | _aeng | ||
| 050 | _a346.4104342 | ||
| 100 | _aFox-Andrews, James | ||
| 245 | _aAssured tenancies. | ||
| 250 | _a2nd ed. | ||
| 260 |
_aLondon _bEstates Gazette _c1998 |
||
| 300 | _axv,220p. ; 21cm. | ||
| 350 | _a26 | ||
| 520 | _aThis new edition provides an overview of assured tenancies, incorporating the changes introduced by the Housing Act 1996. Includes references to caselaw as well as reproducing various forms and notices. | ||
| 650 | _aASSURED SHORTHOLD TENANCIES | ||
| 650 | _aASSURED TENANCIES | ||
| 650 | _aHOUSING ACT 1988 | ||
| 650 | _aHOUSING ACT 1996 | ||
| 690 | _aPROPERTY-RESIDENTIAL PROPERTY-RESIDENTIAL LANDLORD AND TENANT-RESIDENTIAL TENANCIES | ||
| 700 | _aWilliams, Del W. | ||
| 942 | _n0 | ||
| 948 | _c17/03/1998 | ||
| 999 |
_c96991 _d96991 |
||